Państwa Afryki - jednominutowy sprint bez mapy - Statystyki

Ogólne statystyki
  • Ten quiz został rozwiązany 26 razy
  • Średni wynik to 32 z 54
Statystyki odpowiedzi
Państwa % Poprawnych
Egipt
100%
Maroko
94%
Republika Południowej Afryki
94%
Algieria
88%
Czad
88%
Demokratyczna Republika Konga
88%
Mali
88%
Niger
88%
Nigeria
88%
Libia
81%
Sudan
81%
Etiopia
75%
Kongo
75%
Uganda
75%
Benin
69%
Dżibuti
69%
Erytrea
69%
Kenia
69%
Somalia
69%
Togo
69%
Angola
63%
Botswana
63%
Ghana
63%
Madagaskar
63%
Republika Środkowoafrykańska
63%
Sudan Południowy
63%
Mauretania
56%
Senegal
56%
Tunezja
56%
Wybrzeże Kości Słoniowej
56%
Zambia
56%
Gambia
50%
Gwinea
50%
Kamerun
50%
Zimbabwe
50%
Eswatini
44%
Lesotho
44%
Liberia
44%
Malawi
44%
Mozambik
44%
Namibia
44%
Republika Zielonego Przylądka
44%
Rwanda
44%
Tanzania
44%
Burkina Faso
38%
Burundi
38%
Gwinea Bissau
38%
Seszele
38%
Gabon
31%
Sierra Leone
31%
Gwinea Równikowa
25%
Komory
25%
Mauritius
25%
Wyspy Świętego Tomasza i Książeca
19%
Nie znaleziono quizów pasujących do podanych kryteriów
Rozkład punktacji
Procent ludzi z każdym wynikiem
Percentyl według liczby udzielonych odpowiedzi
Twoja historia wyników
Nie rozwiązałeś tego quizu